000 01079nam a2200337 c 4500
001 5663
003 ES-MaCES
005 20141221121809.0
008 971212s1996 sp ||| | spa d
017 _aSE-1140-96
_bDL
035 _aCES19980057079m
040 _aES-MaCES
_bspa
_cES-MaCES
245 0 3 _aLa negociación colectiva en Andalucía
_b: memoria C.A.R.L. 1996
260 _a[Sevilla]
_bConsejo Andaluz de Relaciones Laborales
_cD.L. 1996
300 _a300 p.
_c24 cm
541 _cGratuito
650 4 _anegociación colectiva
_928362
650 4 _aconvenio colectivo
_928361
650 4 _aextensión del convenio colectivo
_930041
650 4 _acondiciones de trabajo
_928327
650 4 _acondiciones de empleo
_930040
650 4 _aAndalucia
_930791
650 4 _a1996
_930975
650 4 _acuadros estadísticos
_928890
650 4 _ainforme
_928986
653 1 0 _aRelaciones laborales-Empleo
710 2 _aConsejo Andaluz de Relaciones Laborales
_92337
902 _aLIB Libro
942 _2CES
_cBK
_h2.0.
999 _c5663
_d5663